Commentarium in Vetus Testamentum usibus academicis elucubratum. Tomus III., Complectens Libros Prophetarum Majorum, ac Minorum, nec non Libros Duos Machabaeorum /

Hlavní autor: Slesina, Joannes, 1714-1775
Jazyk: Latina
Vydáno: Pragae : Typis Ignatii Francisci Pruscha, 1759
Témata:
Fyzický popis: 627 s. ; 4°
Knihy
Uloženo v:
LEADER 01461nam a2200337 a 4500
001 mzk03001025532
003 CZ BrMZK
005 20050628103423.0
007 ta
008 050628s1759 xr fr|||||00| ||latod
040 |a BOA001  |b cze 
072 7 |a 094  |x Staré tisky  |2 Konspekt  |9 12 
080 |a (0.068)094  |2 MRF 
100 1 |a Slesina, Joannes,  |d 1714-1775  |4 aut 
245 1 0 |a Commentarium in Vetus Testamentum usibus academicis elucubratum.  |n Tomus III.,  |p Complectens Libros Prophetarum Majorum, ac Minorum, nec non Libros Duos Machabaeorum /  |c a P. Joanne Slesina e Societate Jesu in Universitate Pragensi SS. Paginarum Interprete Regio, Publico, Ordinario 
246 3 0 |a Complectens Libros Prophetarum Majorum, ac Minorum, nec non Libros Duos Machabaeorum 
260 |a Pragae :  |b Typis Ignatii Francisci Pruscha,  |c 1759 
300 |a 627 s. ;  |c 4° 
500 |a Výzdoba: Nad impresem mědirytina (Beránek Boží), vlysy, viněty, klišé, text tištěn dvousloupcově 
561 |a Provenience: [razítko] IHS Bibl. Collegii Pragensis S. I. 
563 |a Původní kožená vazba 
655 7 |a staré tisky  |7 fd422076  |2 czenas 
903 |a RP 
910 |a BOA001  |b ST2-0024.118,3 
978 |b Průša, Ignác František  |a Praha  |c 1759 
984 |a Praha  |b Česko 
985 |a 1751-1800 
990 |a BK 
993 |a Y 
991 |k mzk 
996 6 |b 2619279274  |c ST2-0024.118,3  |l stud. ST  |r Sklad / do násl. otevíracího dne  |n 0  |w 001025532  |u 000010  |a 1  |e BOA001  |s P